Hispanoamérica después de la independencia: consecuencias sociales y económicas de la emancipación

Uloženo v:
Podrobná bibliografie
Hlavní autor: Halperin Donghi, Tulio
Médium: Text
Vydáno: Buenos Aires: Paidós
Tagy: Přidat tag
Žádné tagy, Buďte první, kdo vytvoří štítek k tomuto záznamu!

MARC

LEADER 00000 a a2200000 04500
001 23846
003
040
090 |a 164100  
100 |a Halperin Donghi, Tulio  
245 |a Hispanoamérica después de la independencia: consecuencias sociales y económicas de la emancipación  
260 |a Buenos Aires:   |b Paidós  
300 |a 231 p.  
999 |c 5315  |d 5315